| 000 | 00920cam a2200157ua 4500 | ||
|---|---|---|---|
| 041 |
_aeng _h |
||
| 082 |
_a624.183 _bIND/SA |
||
| 110 | 1 |
_aIndian Standards Institution . _b _c( ) |
|
| 245 |
_aSafety code for execution work / _cIndian Standards Institution. _hTextual Documents |
||
| 250 |
_a1 / _b. |
||
| 260 |
_aNew Delhi : _bIndian Standards Institution , _c1984. |
||
| 300 | _a9 ; . | ||
| 504 | _a | ||
| 942 | _cBK | ||
| 999 |
_c9712 _d9712 |
||